| 000 | 01121nam a22002537a 4500 | ||
|---|---|---|---|
| 005 | 20240503083304.0 | ||
| 008 | 240503b |||||||| |||| 00| 0 eng d | ||
| 020 | _a1844070697 (pbk.) | ||
| 020 | _a1844070689 (hardback) | ||
| 040 |
_aDLC _cKMU _dKMU _erda |
||
| 050 | 0 | 0 | _aSB484.A36 |
| 245 | 0 | 0 |
_aParks in transition : _bbiodiversity, rural development, and the bottom line / _cedited by Brian Child. |
| 260 |
_aLondon ; _aSterling, VA : _bEarthscan Publications, _cc2004. |
||
| 300 |
_axiv, 267 p. : _bill. ; _c25 cm. |
||
| 504 | _aIncludes bibliographical references and index. | ||
| 650 | 0 |
_aNational parks and reserves _zAfrica, Southern _xManagement. |
|
| 650 | 0 |
_aBiodiversity _zAfrica, Southern. |
|
| 650 | 0 |
_aRural development _zAfrica, Southern. |
|
| 700 | 1 |
_aChild, B. _q(Brian) |
|
| 856 | 4 | 1 |
_3Table of contents _uhttp://www.loc.gov/catdir/toc/ecip047/2003017506.html |
| 906 |
_a7 _bcbc _corignew _d1 _eecip _f20 _gy-gencatlg |
||
| 942 |
_2lcc _cBK _n0 |
||
| 999 |
_c1145 _d1145 |
||